000
00260nam a2200097Ia 4500
001
640744
005
20250826153453.0
008
250824s9999 xx 000 0 und d
245
0
_a
DIŞARIDA NELER OLUYOR? SONSUZ BOŞLUK
_c
CLİVE GİFFORD
260
_b
GENÇ TİMAŞ
999
_c
640744
_d
640744